Účtovníctvo zbierka príkladov

Salvato in:
Dettagli Bibliografici
Autore principale: Lapková, Marta
Natura: Libro
Lingua:slovacco
Pubblicazione: Banská Bystrica Univerzita Mateja Bela v Banskej Bystrici. Ekonomická fakulta 2010
Soggetti:
Tags: Aggiungi Tag
Nessun Tag, puoi essere il primo ad aggiungerne!!

MARC

LEADER 00000nam a2200000 4500
001 0123389
005 20240318125956.0
020 |a 978-80-557-0011-3 
041 0 |a slo 
044 |a SK 
245 1 0 |a Účtovníctvo  |b zbierka príkladov  |c Marta Lapková a iní 
264 1 |a Banská Bystrica  |b Univerzita Mateja Bela v Banskej Bystrici. Ekonomická fakulta  |c 2010 
300 |a 131 s. 
610 2 0 |a účtovníctvo 
610 2 0 |a majetok 
610 2 0 |a zásoby 
610 2 0 |a vzťahy zúčtovacie 
610 2 0 |a imanie vlastné 
610 2 0 |a záväzky 
610 2 0 |a náklady 
610 2 0 |a výnosy 
610 2 0 |a závierka účtovná 
610 2 0 |a účtovníctvo jednoduché 
100 1 |a Lapková, Marta